| 000 | 00000nam 2200000zi 4500 |
| 001 | 9.956991 |
| 003 | CaOODSP |
| 005 | 20251031153037 |
| 006 | m o d f |
| 007 | cr |n||||||||| |
| 008 | 251031e20251031onc ob f000 0 fre d |
| 040 | |aCaOODSP|bfre|erda|cCaOODSP |
| 043 | |an-cn--- |
| 086 | 1 |aH113-25/2025-8F-PDF |
| 245 | 00|aMétamitrone, Brevis 150 SC et Brevis 15 SG. |
| 264 | 1|aOttawa (Ontario) : |bAgence de réglementation de la lutte antiparasitaire, Santé Canada, |c31 octobre 2025. |
| 264 | 4|c©2025 |
| 300 | |a1 ressource en ligne (7 pages). |
| 336 | |atexte|btxt|2rdacontent/fre |
| 337 | |ainformatique|bc|2rdamedia/fre |
| 338 | |aressource en ligne|bcr|2rdacarrier/fre |
| 490 | 1 |aDécision d'homologation, |x1925-0924 ; |vRD2025-08 |
| 500 | |aPublié aussi en anglais sous le titre : Metamitron, Brevis 150 SC, and Brevis 15 SG. |
| 504 | |aComprend des références bibliographiques. |
| 650 | 6|aPlantes|xRégulateurs de croissance|xCertification|zCanada. |
| 650 | 6|aPlantes|xRégulateurs de croissance|xÉvaluation du risque|zCanada. |
| 650 | 6|aPlantes|xRégulateurs de croissance|xAspect sanitaire. |
| 650 | 6|aPlantes|xRégulateurs de croissance|xAspect de l'environnement. |
| 650 | 6|aPlantes|xRégulateurs de croissance|xToxicologie. |
| 710 | 1 |aCanada. |bAgence de réglementation de la lutte antiparasitaire, |eorganisme de publication. |
| 775 | 08|tMetamitron, Brevis 150 SC, and Brevis 15 SG.|w(CaOODSP)9.956990 |
| 830 | #0|aDécision d'homologation ;|vRD2025-08.|w(CaOODSP)9.501583 |
| 856 | 40|qPDF|s204 Ko|uhttps://publications.gc.ca/collections/collection_2025/sc-hc/h113-25/H113-25-2025-8-fra.pdf |
| 856 | 4 |qHTML|sS.O.|uhttps://www.canada.ca/fr/sante-canada/services/securite-produits-consommation/rapports-publications/pesticides-lutte-antiparasitaire/decisions-mises-jour/decision-homologation/2025/metamitron-brevis-150-sc-15-sg.html |